000 00501nam a22001937a 4500
005 20231213144052.0
008 230217b |||||||| |||| 00| 0 eng d
020 _a9788194314011
_cRs.240.00
040 _aLoreto college
041 _aBengali
082 _a891.44B
_bCHA
100 _aChakraborty,Amitabha
245 _aBigyani ekadosh
_cAmitabha Chakraborty
260 _aKolkata
_bParchment
_c2019
300 _a144p
650 _aScientists-Biography
850 _aLCLIB
942 _cBK
999 _c43164
_d93643